|
|
|
|
| LEADER |
00000nam a22000007a 4500 |
| 005 |
20190723223655.0 |
| 007 |
cr|||| |||| |
| 008 |
190723s2018 br |||||s|||| 00||0 por d |
| 020 |
|
|
|a 978-85-7789-326-3
|
| 035 |
|
|
|a 23826
|
| 040 |
|
|
|a vLex
|
| 090 |
|
|
|c 9050
|d 9050
|
| 100 |
1 |
|
|a Da Luz, Valdemar P.
|
| 245 |
1 |
0 |
|a Direito Imobilir̀io
|h [Recurso electrn̤ico] :
|b Fundamentos ter̤icos e prt̀icos /
|c Valdemar P. Da Luz
|
| 256 |
|
|
|a Servicio en ln̕ea
|
| 260 |
|
|
|a San Pablo:
|b JH Mizuno,
|c 2018
|
| 300 |
|
|
|a 1 recurso electrn̤ico
|
| 500 |
|
|
|a Tratando-se de imv̤eis, tema central desta obra, urgia promover uma abordagem doutrinr̀ia e prt̀ica com a finalidade de facilitar a consulta daqueles que se dedicam ̉matřia tô relevante. De uma ou outra forma a maioria das pessoas possui imv̤el e sobre ele detm̌ direito de posse ou de propriedade. Porm̌, como se sabe, a obscuridade a ambiguidade das leis, alm̌ da vasta legislaȯ̂, tm̊ frequentemente ensejado dv︢idas e questionamentos por parte dos profissionais imobilir̀ios no seu campo de atuaȯ̂. Da ̕a relevńcia desta obra, elaborada para oferecer uma noȯ̂ bastante ampla das inm︢eras implicaė̳s decorrentes do uso, posse e transaė̳s de imv̤eis, sem descurar dos aspectos prt̀icos que envolvem os temas expostos.
|
| 506 |
1 |
|
|a Disponible solo en los productos indicados
|d vLex Global
|d vLex Global (Academic Edition, excluding Law Schools)
|d vLex Global (U.S. Academic Edition, Law Schools)
|d vLex Global (U.S. Academic Edition, excluding Law Schools)
|d vLex Global (Academic Edition, Law Schools)
|
| 650 |
0 |
4 |
|a Derecho Civil
|z Brasil
|
| 650 |
0 |
4 |
|a Procedimiento Civil
|z Brasil
|
| 740 |
0 |
|
|a vLex Libros (Servicio en ln̕ea)
|
| 856 |
4 |
0 |
|u http://vlex.com/source/direito-imobiliario-fundamentos-teoricos-e-praticos-23826
|z Acceso restringido
|
| 942 |
|
|
|c BOOK
|
| 999 |
0 |
|
|a Civil Law
|
| 999 |
0 |
|
|a Civil Procedure
|